| 000 | 01250nam a22003135a 4500 | ||
|---|---|---|---|
| 003 | EG-ScBUE | ||
| 005 | 20211121140330.0 | ||
| 008 | 170705s2014 ua a f 000 j ara d | ||
| 017 | _a2013 / 3689 | ||
| 020 | _a9789770932247 | ||
| 040 |
_aEG-ScBUE _bara _erda _cEG-ScBUE _dEG-ScBUE |
||
| 082 | 0 | 4 |
_222 _a892.737 _bق ن د |
| 100 | 1 |
_aقنديل، محمد المنسي، _eمؤلف. _928133 |
|
| 245 | 1 | 0 |
_aلحظة تاريخ : _b30 حكاية من الزمن العربي / _cمحمد المنسي قنديل ؛ رسوم عمرو الكفراوي. |
| 246 | 3 |
_aلحظة تاريخ : _bثلاثون حكاية من الزمن العربي |
|
| 250 | _aالطبعة الثالثة. | ||
| 264 | 1 |
_aالقاهرة : _bدار الشروق، _c2014. |
|
| 300 |
_a440 صفحة : _bإيضاحيات ؛ _c24 سم |
||
| 336 |
_2rdacontent _aنص _btxt |
||
| 337 |
_2rdamedia _aبدون وسيط _bn |
||
| 338 |
_2rdacarrier _aمجلد _bnc |
||
| 590 | _aدعاء | ||
| 650 | 7 |
_aالقصص التاريخية العربية _zمصر _yقرن 21. _2BUEsh |
|
| 651 | 7 |
_2BUEsh _aالبلاد العربية _xتاريخ _vقصص. |
|
| 653 |
_bGGEN _cJuly2017 |
||
| 655 |
_vReading book _934232 |
||
| 700 | 1 |
_aكفراوي، عمرو، _eرسام. |
|
| 942 | _2ddc | ||
| 999 |
_c24982 _d24954 |
||